000 01654nam a2200349 i 4500
003 EG-GICUC
005 20260221233006.0
008 260111s2007 ua ad||f |||| 00| 0 ara d
017 _a2006/21588
020 _a977173993X
040 _a EG-GICUC
_bara
_c EG-GICUC
_d EG-GICUC
_erda
041 _aara
082 0 4 _221
_a345.451
_bم ح . ن
092 0 4 _221
099 _aLaw1 07 345.451 م ح . ن 2007
100 0 _aمحمد سعد فودة
_eمؤلف.
245 1 2 _aالنظام القانوني للعقوبات الإدارية :
_bدراسة فقهية قضائية مقارنة /
_cالمستشار الدكتور محمد سعد فودة .
264 1 _a[مكان النشر غير محدد] :
_b[الناشر غير محدد] ،
_c2007 .
300 _a458 ؛ صفحة
_bإيضاحيات، جداول ؛
_c24 سم
336 _2rda content
_atext
337 _2rda media
_aComputer
338 _2rda carrier
_aOnline Resource
504 _a. 458-453 ببليوجرافيا: صفحات.
504 _aيشتمل على إرجاعات ببليوجرافية
505 _a- أنواعها (الغرامة - المصادرة - سحب وإلغاء التراخيص - قفل المنشاة...) - ضمانات توقيعها ( الضمانات الموضوعية والشكلية ) - طرق الطعن والقضاء المختص - العقوبات الإدارية في قانون المرور
650 1 4 _aالسلطات التاديبية
_2qrmak
650 1 4 _aالقانون الإداري
651 1 _2qrmak
856 4 0 _uhttps://fll.law.cu.edu.eg/fulltext/bks/B07-03197.pdf
905 _a61
_eYara
942 _2ddc
_cBK
_e21
_n0
999 _c56455
_d56455